[Event "Muensterland Regionalliga Gr2 2223"]
[Site "Germany"]
[Date "2023.02.25"]
[Round "5.4"]
[White "Gesing, Felix"]
[Black "Farwick, Christian"]
[Result "1/2-1/2"]
[WhiteElo "2030"]
[BlackElo "1890"]
[PlyCount "40"]
[EventDate "2022.09.03"]
[EventType "team-tourn"]
[EventRounds "5"]
[EventCountry "GER"]
[SourceTitle "EXT 2024"]
[Source "ChessBase"]
[SourceDate "2023.10.10"]
[SourceVersion "1"]
[SourceVersionDate "2023.10.10"]
[SourceQuality "1"]
[WhiteTeam "Raesfeld Erle"]
[BlackTeam "Borken"]
[WhiteTeamCountry "GER"]
[BlackTeamCountry "GER"]

1. e4 c5 2. c3 e6 3. d4 cxd4 4. cxd4 d6 5. Nc3 Be7 6. Nf3 Bd7 7. Bd3 Nf6 8. 0-0 0-0 9. Bg5 Nc6 10. Qe2 Ne8 11. Bxe7 Qxe7 12. e5 d5 13. h4 f5 14. exf6 Qxf6 15. Rad1 Nd6 16. Ne5 Be8 17. Qg4 Nf5 18. Bxf5 Qxf5 19. Qxf5 Rxf5 20. Nxc6 Bxc6 1/2-1/2

[Event "Muensterland Regionalliga Gr2 2223"]
[Site "Germany"]
[Date "2023.01.14"]
[Round "4.6"]
[White "Doennebrink, Elmar"]
[Black "Gesing, Felix"]
[Result "0-1"]
[WhiteElo "2025"]
[BlackElo "2030"]
[PlyCount "114"]
[EventDate "2022.09.03"]
[EventType "team-tourn"]
[EventRounds "5"]
[EventCountry "GER"]
[SourceTitle "EXT 2024"]
[Source "ChessBase"]
[SourceDate "2023.10.10"]
[SourceVersion "1"]
[SourceVersionDate "2023.10.10"]
[SourceQuality "1"]
[WhiteTeam "Suedlohn"]
[BlackTeam "Raesfeld Erle"]
[WhiteTeamCountry "GER"]
[BlackTeamCountry "GER"]

1. e4 d6 2. d4 Nf6 3. Nc3 Nbd7 4. Nf3 e5 5. Be2 Be7 6. 0-0 c6 7. a4 a5 8. Bg5 Qc7 9. Qd2 Nf8 10. h3 h6 11. Bh4 g5 12. Bg3 Ng6 13. dxe5 dxe5 14. Nh2 Nf4 15. Bxf4 gxf4 16. Nf3 Rg8 17. Kh2 Bb4 18. Bc4 Bd7 19. Qe2 Rg7 20. Na2 Kf8 21. Nxb4 axb4 22. Rfe1 Kg8 23. Qd2 Kh8 24. Qxb4 Rag8 25. Bf1 Nh7 26. Rad1 c5 27. Qc3 f6 28. Rd5 b6 29. a5 c4 30. axb6 Qxb6 31. Rd2 Qe6 32. Nh4 Qb6 33. Bxc4 Rc8 34. Qb3 Qa5 35. Red1 Ba4 36. Qa2 Qa8 37. Bd5 Qa6 38. Ra1 Ra7 39. b3 Bb5 40. c4 Qxa2 41. Rdxa2 Rxa2 42. Rxa2 Bc6 43. Nf5 Bxd5 44. exd5 Ng5 45. Ra6 Ne4 46. f3 Nd2 47. Rxf6 Ra8 48. Rxh6+ Kg8 49. Re6 Ra1 50. h4 Kf7 51. c5 Rd1 52. Rb6 Nf1+ 53. Kh3 Ne3 54. Nh6+ Ke8 55. Kh2 Nf1+ 56. Kg1 Ng3+ 57. Kf2 Rf1# 0-1

[Event "Muensterland Regionalliga 1819"]
[Site "Germany"]
[Date "2019.03.02"]
[Round "7.3"]
[White "Arning, Marcus"]
[Black "Gesing, Felix"]
[Result "1/2-1/2"]
[WhiteElo "1903"]
[BlackElo "1998"]
[PlyCount "39"]
[EventDate "2018.09.08"]
[EventType "team-tourn"]
[EventRounds "9"]
[EventCountry "GER"]
[SourceTitle "EXT 2020"]
[Source "ChessBase"]
[SourceDate "2019.10.17"]
[SourceVersion "1"]
[SourceVersionDate "2019.10.17"]
[SourceQuality "1"]
[WhiteTeam "Steinfurt"]
[BlackTeam "Raesfeld Erle"]
[WhiteTeamCountry "GER"]
[BlackTeamCountry "GER"]

1. d4 Nf6 2. Nf3 c5 3. e3 g6 4. Be2 Bg7 5. 0-0 b6 6. b3 0-0 7. Bb2 Bb7 8. Re1 d5 9. Na3 Nc6 10. c4 Ne4 11. Qb1 e6 12. Bf1 Qf6 13. cxd5 exd5 14. Nc4 cxd4 15. exd4 Nxf2 16. Nce5 Nxe5 17. dxe5 Nh3+ 18. Kh1 Nf2+ 19. Kg1 Nh3+ 20. Kh1 1/2-1/2

[Event "Muensterland Regionalliga 1819"]
[Site "Germany"]
[Date "2018.12.01"]
[Round "4.4"]
[White "Seegers, Hendrik"]
[Black "Gesing, Felix"]
[Result "1-0"]
[WhiteElo "2065"]
[BlackElo "1998"]
[PlyCount "133"]
[EventDate "2018.09.08"]
[EventType "team-tourn"]
[EventRounds "9"]
[EventCountry "GER"]
[SourceTitle "EXT 2020"]
[Source "ChessBase"]
[SourceDate "2019.10.17"]
[SourceVersion "1"]
[SourceVersionDate "2019.10.17"]
[SourceQuality "1"]
[WhiteTeam "Muenster II"]
[BlackTeam "Raesfeld Erle"]
[WhiteTeamCountry "GER"]
[BlackTeamCountry "GER"]

1. d4 Nf6 2. Nf3 c5 3. c3 e6 4. Bf4 d5 5. Nbd2 Nc6 6. e3 Bd6 7. Bg5 0-0 8. Bd3 h6 9. Bh4 cxd4 10. exd4 e5 11. dxe5 Nxe5 12. Nxe5 Bxe5 13. 0-0 Qd6 14. Bg3 Bxg3 15. hxg3 Bg4 16. Qa4 Rfe8 17. Rfe1 a6 18. Nb3 Re5 19. Rxe5 Qxe5 20. Qf4 Qe7 21. f3 Bd7 22. g4 Re8 23. Qd2 Qe5 24. Nd4 Qg3 25. Qf2 Qe5 26. Nc2 h5 27. Re1 Qf4 28. Rxe8+ Bxe8 29. gxh5 Qc1+ 30. Qe1 Qxb2 31. g4 Qb6+ 32. Nd4 Bb5 33. Bxb5 axb5 34. Kg2 Qa7 35. Qd2 Qc5 36. Nf5 Qc4 37. Kg3 Qxg4+ 38. fxg4 Ne4+ 39. Kf4 Nxd2 40. Ne7+ Kh7 41. g5 d4 42. cxd4 b4 43. d5 b3 44. axb3 Nxb3 45. Ke5 Nc5 46. Kf5 b5 47. Nc6 Nd7 48. Nb4 Kg8 49. Nd3 Kh7 50. d6 Kg8 51. Ke4 g6 52. Ne5 Nc5+ 53. Kd5 Nb7 54. hxg6 fxg6 55. d7 Kg7 56. Kc6 Nd8+ 57. Kc7 Ne6+ 58. Kd6 Nd8 59. Ke7 Nb7 60. d8Q Nxd8 61. Kxd8 b4 62. Ke7 b3 63. Nd3 Kh7 64. Kf7 Kh8 65. Kxg6 Kg8 66. Nb2 Kh8 67. Kf7 1-0

[Event "Muensterland Regionalliga 1819"]
[Site "Germany"]
[Date "2018.09.08"]
[Round "1.3"]
[White "Gesing, Felix"]
[Black "Ortmeier, Leonhard"]
[Result "0-1"]
[WhiteElo "1998"]
[BlackElo "2107"]
[PlyCount "114"]
[EventDate "2018.09.08"]
[EventType "team-tourn"]
[EventRounds "9"]
[EventCountry "GER"]
[SourceTitle "EXT 2020"]
[Source "ChessBase"]
[SourceDate "2019.10.17"]
[SourceVersion "1"]
[SourceVersionDate "2019.10.17"]
[SourceQuality "1"]
[WhiteTeam "Raesfeld Erle"]
[BlackTeam "Emsdetten Rochade"]
[WhiteTeamCountry "GER"]
[BlackTeamCountry "GER"]

1. e4 c5 2. Nf3 d6 3. d3 Nc6 4. g3 g6 5. Bg2 Bg7 6. 0-0 e6 7. c3 Nge7 8. Re1 0-0 9. d4 cxd4 10. cxd4 d5 11. e5 Bd7 12. Bg5 h6 13. Bf4 Qb6 14. Qd2 Nf5 15. Rd1 Kh7 16. Nc3 Qb4 17. g4 Nfe7 18. h4 Rac8 19. h5 Na5 20. Bf1 Nc4 21. Bxc4 Rxc4 22. Kg2 g5 23. Qc2+ Kg8 24. Bxg5 hxg5 25. Nxg5 f5 26. exf6 Rxf6 27. a3 Qd6 28. Qh7+ Kf8 29. Ne2 Nf5 30. gxf5 Rh6 31. Qg6 Rxg6 32. fxg6 Rc2 33. Nf7 Qe7 34. Ng3 Qf6 35. Rf1 Bb5 36. h6 Bxf1+ 37. Rxf1 Bxh6 38. Nxh6 Qxg6 39. Rh1 Kg7 40. b4 Ra2 41. Rh4 Qxh6 42. Rxh6 Kxh6 43. Kf3 Rxa3+ 44. Kf4 Ra1 45. Ke5 Re1+ 46. Kd6 Kg6 47. Kc7 Rb1 48. Kxb7 Rxb4+ 49. Kxa7 Rxd4 50. Kb6 Rc4 51. Ne2 e5 52. Kb5 Rc8 53. f4 Kf5 54. fxe5 Kxe5 55. Kb4 d4 56. Kb3 Ke4 57. Kb2 d3 0-1

[Event "Muensterland Regionalliga 1718"]
[Site "Germany"]
[Date "2017.11.11"]
[Round "3.2"]
[White "Gesing, Felix"]
[Black "Monsma, Menno"]
[Result "0-1"]
[WhiteElo "1980"]
[BlackElo "2055"]
[PlyCount "146"]
[EventDate "2017.09.02"]
[EventType "team-tourn"]
[EventRounds "9"]
[EventCountry "GER"]
[SourceTitle "EXT 2019"]
[Source "ChessBase"]
[SourceDate "2018.10.10"]
[SourceVersion "1"]
[SourceVersionDate "2018.10.10"]
[SourceQuality "1"]
[WhiteTeam "Raesfeld Erle"]
[BlackTeam "Gronau"]
[WhiteTeamCountry "GER"]
[BlackTeamCountry "GER"]

1. Nf3 Nf6 2. g3 g6 3. Bg2 Bg7 4. 0-0 0-0 5. d3 d6 6. Nbd2 e5 7. e4 Nc6 8. c3 Nd7 9. b4 a6 10. a4 Nb6 11. Bb2 Be6 12. b5 Nb8 13. c4 a5 14. Nb3 N6d7 15. Qd2 b6 16. Ng5 Qe7 17. Nxe6 Qxe6 18. f4 Nc5 19. Nxc5 dxc5 20. f5 Qd6 21. fxg6 hxg6 22. h4 Nd7 23. Rf3 Nf6 24. Qg5 Nh7 25. Qe3 Qe6 26. Raf1 Rae8 27. Kh2 Nf6 28. Bh3 Ng4+ 29. Bxg4 Qxg4 30. Qf2 Re7 31. Bc1 f6 32. Be3 Rd7 33. Bg5 Rdf7 34. Bc1 Rd8 35. Re1 Kf8 36. Bg5 Ke7 37. Rf1 Qe6 38. Kg2 Rff8 39. Bc1 Rd6 40. Qe2 Rh8 41. R3f2 Kd8 42. Rh1 Qd7 43. Rd1 Kc8 44. Qf3 Rd8 45. Rfd2 Bh6 46. Rf2 Bxc1 47. Rxc1 Rxd3 48. Qxf6 Qg4 49. Qxe5 Re3 50. Qf4 Rxe4 51. Qxg4+ Rxg4 52. Rf4 Rxf4 53. gxf4 Rd3 54. f5 gxf5 55. h5 Kd7 56. Rh1 Ke6 57. h6 Rd8 58. h7 Rh8 59. Kg3 Ke5 60. Rh5 Kd4 61. Rh4+ Kc3 62. Kf4 Kxc4 63. Kxf5+ Kb3 64. Kg6 c4 65. Kg7 Rxh7+ 66. Rxh7 Kxa4 67. Kf6 c3 68. Rxc7 Kb3 69. Ke5 c2 70. Kd5 a4 71. Kc6 c1Q+ 72. Kxb6 Qe3+ 73. Kb7 a3 0-1

[Event "Muensterland Regionalliga 1718"]
[Site "Germany"]
[Date "2017.09.02"]
[Round "1.3"]
[White "Gesing, Felix"]
[Black "Hachmeister, Dirk"]
[Result "1-0"]
[WhiteElo "1980"]
[BlackElo "2143"]
[PlyCount "91"]
[EventDate "2017.09.02"]
[EventType "team-tourn"]
[EventRounds "9"]
[EventCountry "GER"]
[SourceTitle "EXT 2019"]
[Source "ChessBase"]
[SourceDate "2018.10.10"]
[SourceVersion "1"]
[SourceVersionDate "2018.10.10"]
[SourceQuality "1"]
[WhiteTeam "Raesfeld Erle"]
[BlackTeam "Neuenkirchen"]
[WhiteTeamCountry "GER"]
[BlackTeamCountry "GER"]

1. e4 d6 2. d4 c6 3. Nc3 e5 4. dxe5 dxe5 5. Qxd8+ Kxd8 6. Bc4 f6 7. f4 Nd7 8. Nf3 Bd6 9. f5 Kc7 10. a4 a5 11. g4 Ne7 12. g5 g6 13. gxf6 Nxf6 14. Bg5 Rf8 15. Bh6 Re8 16. Bf7 Rd8 17. Bg7 Ne8 18. f6 Nxg7 19. fxg7 Bg4 20. Ng5 Ng8 21. 0-0 Nh6 22. Nxh7 Bh3 23. Ng5 Bc5+ 24. Kh1 Bg4 25. h3 Be3 26. Ne6+ Bxe6 27. Bxe6 Re8 28. Bb3 Bf4 29. Ne2 g5 30. Nxf4 exf4 31. h4 Re5 32. hxg5 Rxg5 33. Rg1 Ng4 34. Be6 Rh5+ 35. Kg2 Nf6 36. Kf3 Re8 37. Rg6 Ng8 38. Rd1 Re5 39. Rd7+ Kb6 40. Bf7 Rb8 41. Kxf4 Rh5 42. Bxg8 Rxg8 43. Rf7 Rh2 44. Kg3 Rh1 45. Kg2 Rh7 46. e5 1-0

[Event "Muensterland Regionalliga 1516"]
[Site "Germany"]
[Date "2016.01.09"]
[Round "5.3"]
[White "Van Ackeren, Franz"]
[Black "Gesing, Felix"]
[Result "0-1"]
[WhiteElo "1995"]
[BlackElo "1938"]
[PlyCount "57"]
[EventDate "2015.09.05"]
[EventType "team"]
[EventRounds "9"]
[EventCountry "GER"]
[SourceTitle "EXT 2017"]
[Source "ChessBase"]
[SourceDate "2016.10.25"]
[SourceVersion "1"]
[SourceVersionDate "2016.10.25"]
[SourceQuality "1"]
[WhiteTeam "Muenster SK III"]
[BlackTeam "Raesfeld Erle"]
[WhiteTeamCountry "GER"]
[BlackTeamCountry "GER"]

1. Nf3 Nf6 2. d4 c5 3. e3 e6 4. Bd3 Nc6 5. c3 Qc7 6. 0-0 b6 7. Nbd2 Bb7 8. Qe2 Be7 9. Re1 g5 10. Nxg5 Rg8 11. Ndf3 Ng4 12. Nh3 Nxh2 13. Be4 Ng4 14. Nf4 0-0-0 15. Bd2 f5 16. Bd3 Bd6 17. dxc5 Bxc5 18. b4 Bd6 19. Ba6 Nce5 20. Nd4 Bxa6 21. Qxa6+ Qb7 22. Qe2 Ng6 23. Qf3 Nh4 24. Qxb7+ Kxb7 25. Kf1 Bxf4 26. exf4 Nh2+ 27. Ke2 Rxg2 28. Rh1 Rdg8 29. Ke3 0-1

[Event "Muensterland Verbandsliga 1314"]
[Site "Germany"]
[Date "2014.04.05"]
[Round "8.4"]
[White "Kipp, Lucas"]
[Black "Gesing, Felix"]
[Result "0-1"]
[WhiteElo "1895"]
[BlackElo "1930"]
[PlyCount "52"]
[EventDate "2013.09.07"]
[EventType "team-tourn"]
[EventRounds "9"]
[EventCountry "GER"]
[SourceTitle "EXT 2015"]
[Source "ChessBase"]
[SourceDate "2014.11.20"]
[SourceVersion "1"]
[SourceVersionDate "2014.11.20"]
[SourceQuality "1"]
[WhiteTeam "Saerbeck"]
[BlackTeam "Raesfeld Erle"]
[WhiteTeamCountry "GER"]
[BlackTeamCountry "GER"]

1. e4 d6 2. d4 Nf6 3. Nc3 g6 4. Be3 c6 5. Qd2 b5 6. f3 Nbd7 7. g4 Nb6 8. b3 Bb7 9. d5 b4 10. dxc6 Bxc6 11. Nb5 Bg7 12. Rd1 0-0 13. Nd4 Rc8 14. Bd3 a5 15. Bh6 Qc7 16. Bxg7 Kxg7 17. h4 d5 18. h5 Qg3+ 19. Kf1 Rh8 20. Nxc6 Rxc6 21. g5 Nxh5 22. Bb5 Rc3 23. Rh3 Rxf3+ 24. Nxf3 Qxh3+ 25. Kf2 Qg3+ 26. Ke3 Qf4+ 0-1

[Event "Muensterland Verbandsliga 1314"]
[Site "Germany"]
[Date "2014.03.15"]
[Round "7.5"]
[White "Waeltermann, Thomas"]
[Black "Gesing, Felix"]
[Result "0-1"]
[WhiteElo "1789"]
[BlackElo "1930"]
[PlyCount "92"]
[EventDate "2013.09.07"]
[EventType "team-tourn"]
[EventRounds "9"]
[EventCountry "GER"]
[SourceTitle "EXT 2015"]
[Source "ChessBase"]
[SourceDate "2014.11.20"]
[SourceVersion "1"]
[SourceVersionDate "2014.11.20"]
[SourceQuality "1"]
[WhiteTeam "Beelen"]
[BlackTeam "Raesfeld Erle"]
[WhiteTeamCountry "GER"]
[BlackTeamCountry "GER"]

1. e4 d6 2. f4 c5 3. Nf3 Nf6 4. Nc3 g6 5. Bc4 e6 6. d3 Bg7 7. 0-0 0-0 8. e5 dxe5 9. fxe5 Ng4 10. Qe2 Nxe5 11. Nxe5 Qd4+ 12. Be3 Qxe5 13. Qf2 Qxe3 14. Qxe3 Bd4 15. Qxd4 cxd4 16. Nb5 Nc6 17. Rf4 a6 18. Nd6 b5 19. Bb3 Ra7 20. Raf1 Rd7 21. Ne4 Re7 22. Ng5 h6 23. Ne4 Kg7 24. Rf6 Na5 25. Nc5 Nxb3 26. Nxb3 Rd8 27. Nc5 Rd5 28. b4 a5 29. a3 axb4 30. axb4 Ra7 31. g4 Rg5 32. h3 Rd5 33. Ne4 Rc7 34. Nc5 h5 35. Kh2 hxg4 36. hxg4 Rg5 37. Ne4 Rd5 38. Kg3 Bb7 39. Nc5 Re5 40. R1f2 Re3+ 41. Kh4 Bd5 42. g5 e5 43. Rd6 Rf3 44. Rxf3 Bxf3 45. Re6 Rxc5 46. bxc5 fxe6 0-1

[Event "Muensterland Verbandsliga 1314"]
[Site "Germany"]
[Date "2014.02.01"]
[Round "6.4"]
[White "Schlitter, Klaus"]
[Black "Gesing, Felix"]
[Result "1/2-1/2"]
[WhiteElo "1822"]
[BlackElo "1930"]
[PlyCount "106"]
[EventDate "2013.09.07"]
[EventType "team-tourn"]
[EventRounds "9"]
[EventCountry "GER"]
[SourceTitle "EXT 2015"]
[Source "ChessBase"]
[SourceDate "2014.11.20"]
[SourceVersion "1"]
[SourceVersionDate "2014.11.20"]
[SourceQuality "1"]
[WhiteTeam "Steinfurt"]
[BlackTeam "Raesfeld Erle"]
[WhiteTeamCountry "GER"]
[BlackTeamCountry "GER"]

1. d4 Nf6 2. c4 c5 3. d5 e6 4. Nc3 exd5 5. cxd5 d6 6. e4 g6 7. Nf3 Bg7 8. Bg5 0-0 9. Nd2 Re8 10. Be2 b6 11. 0-0 Ba6 12. a4 Bxe2 13. Qxe2 Nbd7 14. f3 h6 15. Bh4 g5 16. Bg3 Nh5 17. Bxd6 Bd4+ 18. Kh1 Qf6 19. Nc4 Qg6 20. Nb5 Ne5 21. Bxe5 Bxe5 22. Nxe5 Rxe5 23. Rae1 Nf4 24. Qd2 a6 25. Na3 Rd8 26. Nc4 Ree8 27. Qc3 b5 28. axb5 axb5 29. Ne3 Qg7 30. Nf5 Qxc3 31. bxc3 h5 32. g3 Nd3 33. Rb1 b4 34. cxb4 Nxb4 35. Rfc1 Nd3 36. Rc3 Ne5 37. Kg2 g4 38. fxg4 Nxg4 39. Re1 Rxd5 40. exd5 Rxe1 41. Rxc5 Re5 42. Rc8+ Kh7 43. d6 Nf6 44. Ne7 Kg7 45. Kf3 Re1 46. Kf4 Rf1+ 47. Ke5 Re1+ 48. Kd4 Rd1+ 49. Ke5 Re1+ 50. Kf4 Rf1+ 51. Ke3 Re1+ 52. Kd2 Re6 53. Rd8 Rxd6+ 1/2-1/2

[Event "Muensterland Verbandsliga 1314"]
[Site "Germany"]
[Date "2014.01.18"]
[Round "5.4"]
[White "Gesing, Felix"]
[Black "Holtmannspoetter, Thomas"]
[Result "1-0"]
[WhiteElo "1930"]
[BlackElo "1712"]
[PlyCount "63"]
[EventDate "2013.09.07"]
[EventType "team-tourn"]
[EventRounds "9"]
[EventCountry "GER"]
[SourceTitle "EXT 2015"]
[Source "ChessBase"]
[SourceDate "2014.11.20"]
[SourceVersion "1"]
[SourceVersionDate "2014.11.20"]
[SourceQuality "1"]
[WhiteTeam "Raesfeld Erle"]
[BlackTeam "Ochtrup"]
[WhiteTeamCountry "GER"]
[BlackTeamCountry "GER"]

1. e4 e5 2. Nf3 Nf6 3. Nxe5 d6 4. Nf3 Nxe4 5. Nc3 Nxc3 6. dxc3 Be7 7. Bf4 Nd7 8. Qd2 Nc5 9. 0-0-0 Bf5 10. Nd4 Bd7 11. f3 Ne6 12. Nxe6 Bxe6 13. Kb1 Qd7 14. Bg5 f6 15. Bf4 0-0 16. g4 Rfe8 17. h4 Qa4 18. b3 Qc6 19. g5 a5 20. h5 a4 21. b4 d5 22. g6 d4 23. gxh7+ Kh8 24. cxd4 Qxf3 25. Bd3 Qd5 26. c3 b6 27. Rdg1 Bf5 28. h6 g5 29. Bxc7 b5 30. Qc2 Bxd3 31. Qxd3 Rac8 32. Qg6 1-0

[Event "Muensterland Verbandsliga 1314"]
[Site "Germany"]
[Date "2013.12.07"]
[Round "4.3"]
[White "Gesing, Felix"]
[Black "Herdering, Martin"]
[Result "1/2-1/2"]
[WhiteElo "1930"]
[BlackElo "1859"]
[PlyCount "34"]
[EventDate "2013.09.07"]
[EventType "team-tourn"]
[EventRounds "9"]
[EventCountry "GER"]
[SourceTitle "EXT 2015"]
[Source "ChessBase"]
[SourceDate "2014.11.20"]
[SourceVersion "1"]
[SourceVersionDate "2014.11.20"]
[SourceQuality "1"]
[WhiteTeam "Raesfeld Erle"]
[BlackTeam "Heiden"]
[WhiteTeamCountry "GER"]
[BlackTeamCountry "GER"]

1. d4 d5 2. Nf3 Nf6 3. e3 e6 4. Bd3 c5 5. b3 Nc6 6. Bb2 cxd4 7. exd4 Nb4 8. 0-0 Nxd3 9. Qxd3 Be7 10. Nbd2 0-0 11. Ne5 Ne8 12. Qe2 Bd7 13. Rae1 Rc8 14. c3 Nd6 15. Nxd7 Qxd7 16. Qd3 Rc7 17. f4 f5 1/2-1/2

[Event "Muensterland Verbandsliga 1314"]
[Site "Germany"]
[Date "2013.09.07"]
[Round "1.5"]
[White "Gesing, Felix"]
[Black "Junker, Axel"]
[Result "1/2-1/2"]
[WhiteElo "1930"]
[BlackElo "1826"]
[PlyCount "36"]
[EventDate "2013.09.07"]
[EventType "team-tourn"]
[EventRounds "9"]
[EventCountry "GER"]
[SourceTitle "EXT 2015"]
[Source "ChessBase"]
[SourceDate "2014.11.20"]
[SourceVersion "1"]
[SourceVersionDate "2014.11.20"]
[SourceQuality "1"]
[WhiteTeam "Raesfeld Erle"]
[BlackTeam "Telgte"]
[WhiteTeamCountry "GER"]
[BlackTeamCountry "GER"]

1. e4 c6 2. Ne2 g6 3. d4 Bg7 4. Nbc3 d5 5. e5 Nh6 6. Ng3 Nf5 7. Nxf5 Bxf5 8. Bd3 Qd7 9. Qf3 Bxd3 10. Qxd3 0-0 11. 0-0 f6 12. exf6 exf6 13. Bf4 Na6 14. Rae1 Rae8 15. a3 Rxe1 16. Rxe1 Re8 17. Re2 Rxe2 18. Qxe2 Kf7 1/2-1/2

[Event "Muensterland Verbandsliga 1112"]
[Site "Germany"]
[Date "2012.02.25"]
[Round "7.2"]
[White "Berger, Alfred Josef"]
[Black "Gesing, Felix"]
[Result "0-1"]
[WhiteElo "1892"]
[BlackElo "1911"]
[PlyCount "78"]
[EventDate "2011.09.24"]
[EventType "team-tourn"]
[EventRounds "9"]
[EventCountry "GER"]
[SourceTitle "EXT 2013"]
[Source "ChessBase"]
[SourceDate "2012.11.22"]
[SourceVersion "1"]
[SourceVersionDate "2012.11.22"]
[SourceQuality "1"]
[WhiteTeam "Heiden"]
[BlackTeam "Raesfeld Erle"]
[WhiteTeamCountry "GER"]
[BlackTeamCountry "GER"]

1. c4 Nf6 2. g3 g6 3. Bg2 Bg7 4. Nc3 0-0 5. e4 d6 6. Nge2 c5 7. 0-0 Nc6 8. d3 Rb8 9. b3 a6 10. Bb2 e5 11. Qd2 b5 12. Nd5 bxc4 13. Nxf6+ Bxf6 14. dxc4 Nd4 15. Bc3 Be6 16. Nc1 Qd7 17. Nd3 Bh3 18. Bxd4 exd4 19. f4 Bxg2 20. Qxg2 Qe7 21. Rfe1 Rbe8 22. e5 dxe5 23. Nxe5 Bxe5 24. Rxe5 Qf6 25. Rae1 Rxe5 26. Rxe5 Rd8 27. Rxc5 d3 28. Rd5 Rxd5 29. Qxd5 Qa1+ 30. Kg2 Qxa2+ 31. Kh3 Qe2 32. Qd8+ Kg7 33. Qd4+ Kh6 34. Qd8 d2 35. g4 Qf3+ 36. Kh4 Qf2+ 37. Kh3 Qe3+ 38. Kh4 Kg7 39. f5 g5+ 0-1

[Event "Muensterland Verbandsliga 1112"]
[Site "Germany"]
[Date "2012.01.28"]
[Round "6.2"]
[White "Gesing, Felix"]
[Black "Schaefer, Guenter"]
[Result "1-0"]
[WhiteElo "1911"]
[BlackElo "2014"]
[PlyCount "99"]
[EventDate "2011.09.24"]
[EventType "team-tourn"]
[EventRounds "9"]
[EventCountry "GER"]
[SourceTitle "EXT 2013"]
[Source "ChessBase"]
[SourceDate "2012.11.22"]
[SourceVersion "1"]
[SourceVersionDate "2012.11.22"]
[SourceQuality "1"]
[WhiteTeam "Raesfeld Erle"]
[BlackTeam "Nienberge"]
[WhiteTeamCountry "GER"]
[BlackTeamCountry "GER"]

1. e4 d6 2. d4 Nf6 3. Nc3 g6 4. Be2 Bg7 5. Be3 a6 6. Qd2 0-0 7. Bh6 b5 8. Bxg7 Kxg7 9. f3 Nbd7 10. g4 Nb6 11. h4 h5 12. gxh5 Nxh5 13. 0-0-0 Nc4 14. Bxc4 bxc4 15. Nge2 Rh8 16. Rdg1 c6 17. Nf4 Rb8 18. Nce2 Qb6 19. c3 Qa5 20. a3 Qa4 21. Rg5 Nxf4 22. Nxf4 Qb3 23. Qc2 Qxc2+ 24. Kxc2 Rb5 25. Rg2 e5 26. dxe5 dxe5 27. Ne2 Be6 28. Ng3 Rhb8 29. Kc1 Kf6 30. h5 gxh5 31. Rxh5 Rd8 32. Nf5 Bxf5 33. Rxf5+ Ke6 34. Rh2 Rg8 35. a4 Ra5 36. f4 Rxa4 37. Rxe5+ Kd6 38. Rg5 Rb8 39. Kb1 Ra3 40. Rd2+ Ke7 41. Re5+ Kf8 42. Rh5 Rb6 43. f5 f6 44. Rh7 Kg8 45. Rdh2 Kf8 46. Rc7 Kg8 47. e5 Rab3 48. exf6 Rb7 49. f7+ Kg7 50. f8Q+ 1-0

[Event "Muensterland Verbandsklasse-B 1011"]
[Site "Germany"]
[Date "2010.10.09"]
[Round "2.2"]
[White "Mueller, Achim2"]
[Black "Gesing, Felix"]
[Result "1/2-1/2"]
[WhiteElo "1935"]
[BlackElo "1883"]
[PlyCount "81"]
[EventDate "2010.09.18"]
[EventType "team-tourn"]
[EventRounds "9"]
[EventCountry "GER"]
[SourceTitle "EXT 2012"]
[Source "ChessBase"]
[SourceDate "2011.11.24"]
[SourceVersion "1"]
[SourceVersionDate "2011.11.24"]
[SourceQuality "1"]
[WhiteTeam "Rheine Klein Berlin II"]
[BlackTeam "Raesfeld Erle"]
[WhiteTeamCountry "GER"]
[BlackTeamCountry "GER"]

1. d4 Nf6 2. c4 c5 3. d5 e6 4. Nc3 exd5 5. cxd5 d6 6. h3 g6 7. e4 Bg7 8. Bd3 0-0 9. Bg5 Re8 10. Nge2 a6 11. a4 Qc7 12. 0-0 Nbd7 13. Qd2 c4 14. Bc2 Nc5 15. Ng3 Rb8 16. Rae1 b5 17. axb5 axb5 18. Bh6 Bh8 19. f4 b4 20. Nd1 Ba6 21. Rf3 Nd3 22. Bxd3 cxd3 23. f5 Qc2 24. fxg6 hxg6 25. Nf2 Qxd2 26. Bxd2 Nd7 27. Ng4 Bg7 28. Ref1 Ne5 29. Nxe5 Bxe5 30. Bf4 Bxf4 31. Rxf4 Rbc8 32. R1f2 Rc2 33. Nf1 Rxf2 34. Kxf2 Rc8 35. Ke3 Rc2 36. Rf2 Re2+ 37. Kf3 Kg7 38. Ne3 Kf6 39. Ng4+ Ke7 40. Ne3 Kf6 41. Ng4+ 1/2-1/2

[Event "Muensterland Verbandsklasse-A 0910"]
[Site "Germany"]
[Date "2010.04.24"]
[Round "9.4"]
[White "Gesing, Felix"]
[Black "Rothkegel, Juergen"]
[Result "0-1"]
[WhiteElo "1862"]
[BlackElo "1872"]
[PlyCount "98"]
[EventDate "2009.09.19"]
[EventType "team-tourn"]
[EventRounds "9"]
[EventCountry "GER"]
[SourceTitle "EXT 2011"]
[Source "ChessBase"]
[SourceDate "2010.11.26"]
[SourceVersion "1"]
[SourceVersionDate "2010.11.26"]
[SourceQuality "1"]
[WhiteTeam "Raesfeld Erle"]
[BlackTeam "Gronau"]
[WhiteTeamCountry "GER"]
[BlackTeamCountry "GER"]

1. d4 Nf6 2. Nf3 d5 3. e3 e6 4. Bd3 c5 5. b3 Nc6 6. Bb2 cxd4 7. exd4 Bd6 8. Ne5 Qc7 9. f4 Nb4 10. Bb5+ Bd7 11. Bxd7+ Nxd7 12. c3 Nc6 13. 0-0 Nf6 14. Nd2 h5 15. Rc1 Qb6 16. Kh1 Ne7 17. Ndf3 Bxe5 18. Nxe5 Ne4 19. b4 Qa6 20. a4 f6 21. b5 Qd6 22. Nd3 Nf5 23. Rf3 Rc8 24. Nf2 g5 25. fxg5 Nxg5 26. Rd3 Kf7 27. Qe2 h4 28. Nh3 Ne4 29. Rf1 Qc7 30. Rdf3 Qc4 31. Qd1 Rcg8 32. Qd3 Qa2 33. Qc2 Qc4 34. Qd3 Qxd3 35. Rxd3 Rc8 36. Rff3 Rc4 37. a5 Ra4 38. Rf4 Rxa5 39. c4 dxc4 40. Rd1 Ned6 41. d5 e5 42. Rf2 Rxb5 43. Ba3 Rb3 44. Bxd6 Nxd6 45. Ng5+ Kg6 46. Ne6 Rc8 47. Rdf1 f5 48. Ra2 a6 49. Re1 c3 0-1